[Event "11th Tournament of Peace"]
[Site "Zagreb CRO"]
[Date "2025.11.05"]
[Round "1.1"]
[White "Postny, Evgeny"]
[Black "Royal, Shreyas"]
[Result "0-1"]
[WhiteElo "2533"]
[BlackElo "2495"]
[EventDate "2025.11.05"]
[PlyCount "84"]

1.d4 d5 2.c4 dxc4 3.Nf3 c5 4.Nc3 cxd4 5.Qxd4 Qxd4 6.Nxd4 Bd7 7.e4 Nc6 8.
Nxc6 Bxc6 9.Bxc4 e6 10.Be3 Nf6 11.f3 a6 12.Rc1 Nd7 13.Kf2 Bc5 14.Ne2 Bxe3+
15.Kxe3 e5 16.Bd5 Bxd5 17.exd5 Nb6 18.d6 Rc8 19.Rxc8+ Nxc8 20.Rd1 Kd7 21.
Nc3 f5 22.g4 g6 23.gxf5 gxf5 24.f4 e4 25.Rg1 Kxd6 26.Rd1+ Ke6 27.Rd5 Ne7 
28.Re5+ Kf6 29.Nd5+ Nxd5+ 30.Rxd5 Re8 31.Rd6+ Re6 32.Rd7 Rb6 33.b3 Kg6 34.
Kd4 Re6 35.Ke3 b5 36.a4 bxa4 37.bxa4 Rb6 38.a5 Rb3+ 39.Ke2 Kh5 40.Rg7 h6 
41.Ra7 Kg4 42.Rxa6 Rh3 0-1

[Event "11th Tournament of Peace"]
[Site "Zagreb CRO"]
[Date "2025.11.05"]
[Round "1.2"]
[White "Stevic, Hrvoje"]
[Black "Palac, Mladen"]
[Result "1/2-1/2"]
[WhiteElo "2515"]
[BlackElo "2456"]
[EventDate "2025.11.05"]
[PlyCount "30"]

1.Nf3 Nf6 2.g3 g6 3.Bg2 Bg7 4.O-O O-O 5.d3 c5 6.c4 d5 7.Nc3 Nc6 8.cxd5 
Nxd5 9.Bd2 Nc7 10.Qa4 Bd7 11.Rfc1 Nd4 12.Qd1 Bc6 13.Nxd4 cxd4 14.Ne4 Rc8 
15.Qf1 Nd5 1/2-1/2

[Event "11th Tournament of Peace"]
[Site "Zagreb CRO"]
[Date "2025.11.05"]
[Round "1.3"]
[White "Livaic, Leon"]
[Black "Zelcic, Robert"]
[Result "1-0"]
[WhiteElo "2550"]
[BlackElo "2449"]
[EventDate "2025.11.05"]
[PlyCount "83"]

1.e4 c6 2.d4 d5 3.e5 c5 4.dxc5 e6 5.c3 Nc6 6.Nf3 Bxc5 7.b4 Bb6 8.b5 Nb8 9.
Bd3 Nd7 10.O-O Ne7 11.a4 Nc5 12.Ba3 Nxd3 13.Qxd3 h6 14.c4 O-O 15.Nc3 Re8 
16.Rfd1 Ng6 17.Bd6 Ba5 18.Rac1 Bd7 19.c5 a6 20.Ne2 axb5 21.axb5 Bc7 22.
Ned4 Bxd6 23.cxd6 Qb6 24.Rc7 Nf8 25.h4 Ra2 26.Qc3 Rea8 27.Rc1 R2a4 28.h5 
Qa7 29.Qe3 Ra1 30.Kh2 Rxc1 31.Rxc1 Qb6 32.g4 Ra4 33.g5 hxg5 34.Qxg5 Nh7 
35.Qh4 Kh8 36.Rc7 Nf8 37.h6 Ra8 38.hxg7+ Kxg7 39.Qf6+ Kg8 40.Qg5+ Kh8 41.
Qf4 Be8 42.Ng5 1-0

[Event "11th Tournament of Peace"]
[Site "Zagreb CRO"]
[Date "2025.11.05"]
[Round "1.4"]
[White "Moroni, Luca jr"]
[Black "Kozul, Zdenko"]
[Result "1-0"]
[WhiteElo "2546"]
[BlackElo "2495"]
[EventDate "2025.11.05"]
[PlyCount "43"]

1.d4 Nf6 2.c4 g6 3.Nc3 Bg7 4.e4 d6 5.h3 Nbd7 6.g4 e5 7.d5 Nc5 8.f3 a5 9.
Be3 h5 10.g5 Nfd7 11.h4 Nb6 12.b3 O-O 13.Qe2 c6 14.Rc1 f6 15.Nh3 Bxh3 16.
Bxh3 fxg5 17.Bxg5 Bf6 18.Rg1 Kh7 19.f4 Bxg5 20.Rxg5 Rxf4 21.Bf5 Kh8 22.Kd2
1-0

[Event "11th Tournament of Peace"]
[Site "Zagreb CRO"]
[Date "2025.11.05"]
[Round "1.5"]
[White "Kaasen, Tor Fredrik"]
[Black "Fedorchuk, Serhii"]
[Result "1/2-1/2"]
[WhiteElo "2477"]
[BlackElo "2565"]
[EventDate "2025.11.05"]
[PlyCount "37"]

1.d4 Nf6 2.c4 e6 3.Nf3 b6 4.g3 Bb4+ 5.Bd2 c5 6.Bxb4 cxb4 7.Bg2 Bb7 8.O-O 
O-O 9.Qd3 d6 10.Nbd2 a5 11.Rfd1 Qc7 12.Ne1 e5 13.Nc2 Re8 14.e4 Nc6 15.Rac1
Rad8 16.f3 Ba6 17.Qe3 Nd7 18.Bh3 Bc8 19.Kg2 1/2-1/2

[Event "11th Tournament of Peace"]
[Site "Zagreb CRO"]
[Date "2025.11.06"]
[Round "2.1"]
[White "Royal, Shreyas"]
[Black "Fedorchuk, Serhii"]
[Result "1-0"]
[WhiteElo "2495"]
[BlackElo "2565"]
[EventDate "2025.11.05"]
[PlyCount "87"]

1.d4 Nf6 2.c4 e6 3.Nc3 Bb4 4.e3 O-O 5.Bd3 d5 6.a3 dxc4 7.Bxh7+ Nxh7 8.axb4
Qe7 9.b5 c6 10.Nf3 Bd7 11.bxc6 Nxc6 12.O-O Rfc8 13.e4 Nb4 14.Ne5 Be8 15.b3
cxb3 16.Qxb3 Qc7 17.Bb2 a5 18.Rfc1 Qd8 19.d5 exd5 20.Nxd5 Rxc1+ 21.Rxc1 
Nxd5 22.exd5 a4 23.Qd3 Qb6 24.Ba3 Nf6 25.d6 Qb3 26.Rc3 Qe6 27.Qd4 Ra5 28.
Re3 Rd5 29.Qa1 Qf5 30.h3 Bb5 31.Nf3 Bd7 32.Qc3 Rd1+ 33.Re1 Nd5 34.Qa5 
Rxe1+ 35.Qxe1 b5 36.Qa5 Qf6 37.Qa8+ Kh7 38.Qxd5 Qa1+ 39.Kh2 Qxa3 40.Ng5+ 
Kg6 41.Qxf7+ Kxg5 42.Qxg7+ Kf4 43.Qxd7 Ke5 44.Qe8+ 1-0

[Event "11th Tournament of Peace"]
[Site "Zagreb CRO"]
[Date "2025.11.06"]
[Round "2.2"]
[White "Kozul, Zdenko"]
[Black "Kaasen, Tor Fredrik"]
[Result "1-0"]
[WhiteElo "2495"]
[BlackElo "2477"]
[EventDate "2025.11.05"]
[PlyCount "67"]

1.d4 Nf6 2.c4 g6 3.Nc3 d5 4.cxd5 Nxd5 5.e4 Nxc3 6.bxc3 Bg7 7.Nf3 c5 8.Be3 
Bg4 9.Qd2 O-O 10.Rc1 Bxf3 11.gxf3 e6 12.f4 cxd4 13.cxd4 Nc6 14.e5 Qd5 15.
Rg1 Rac8 16.Bc4 Qd7 17.Ke2 Rfd8 18.Rgd1 Qe7 19.Qd3 Na5 20.Bb3 Nxb3 21.Qxb3
Bf8 22.Rxc8 Rxc8 23.d5 exd5 24.Qxd5 b6 25.h3 Rc2+ 26.Kf3 Qh4 27.Kg2 Qe7 
28.f5 gxf5 29.Kh1 Kh8 30.Qa8 Qb4 31.Bh6 Rxf2 32.Bxf8 Qe4+ 33.Qxe4 fxe4 34.
Bh6 1-0

[Event "11th Tournament of Peace"]
[Site "Zagreb CRO"]
[Date "2025.11.06"]
[Round "2.3"]
[White "Zelcic, Robert"]
[Black "Moroni, Luca jr"]
[Result "1/2-1/2"]
[WhiteElo "2449"]
[BlackElo "2546"]
[EventDate "2025.11.05"]
[PlyCount "62"]

1.e4 c5 2.Nf3 e6 3.d4 cxd4 4.Qxd4 Nc6 5.Qe3 Nge7 6.Nc3 Ng6 7.h4 Bd6 8.Nb5 
Bb8 9.h5 Nge5 10.Nxe5 Nxe5 11.h6 g6 12.Qc3 f6 13.Be3 b6 14.O-O-O Bb7 15.f3
O-O 16.Be2 Qe7 17.Qa3 Qxa3 18.Nxa3 d5 19.exd5 Bxd5 20.c4 Bc6 21.Nc2 Nf7 
22.Kb1 Re8 23.c5 bxc5 24.Bxc5 Be5 25.Nb4 Rab8 26.f4 Be4+ 27.Bd3 Bxb2 28.
Kxb2 Bxd3 29.Rxd3 a5 30.a3 e5 31.g3 exf4 1/2-1/2

[Event "11th Tournament of Peace"]
[Site "Zagreb CRO"]
[Date "2025.11.06"]
[Round "2.4"]
[White "Palac, Mladen"]
[Black "Livaic, Leon"]
[Result "0-1"]
[WhiteElo "2456"]
[BlackElo "2550"]
[EventDate "2025.11.05"]
[PlyCount "98"]

1.e4 c5 2.Nf3 e6 3.Be2 Nc6 4.O-O Nge7 5.d4 cxd4 6.Nxd4 Ng6 7.Be3 Be7 8.c4 
O-O 9.Nc3 b6 10.Qd2 Nxd4 11.Bxd4 Bb7 12.Rad1 Bc6 13.g3 e5 14.Be3 Bb4 15.
Bd3 a5 16.a3 Bc5 17.Bc2 a4 18.Nd5 Bxd5 19.cxd5 d6 20.Bd3 Ne7 21.Rc1 f5 22.
exf5 Nxf5 23.Bxf5 Rxf5 24.Rc4 Qd7 25.Qc2 Bxe3 26.fxe3 Rxf1+ 27.Kxf1 Rf8+ 
28.Kg1 Qf7 29.Qg2 Qf5 30.e4 Qg4 31.Rc1 h5 32.Rf1 Rxf1+ 33.Kxf1 Qd1+ 34.Kf2
Qc2+ 35.Kg1 Qb1+ 36.Qf1 Qxe4 37.Qb5 Qd4+ 38.Kg2 Kh7 39.Kf1 Qd1+ 40.Kf2 
Qc2+ 41.Kf3 Qb3+ 42.Qxb3 axb3 43.a4 Kg6 44.Ke4 Kg5 45.h3 g6 46.Ke3 Kf5 47.
Kd3 h4 48.gxh4 Kf4 49.Kc4 e4 0-1

[Event "11th Tournament of Peace"]
[Site "Zagreb CRO"]
[Date "2025.11.06"]
[Round "2.5"]
[White "Postny, Evgeny"]
[Black "Stevic, Hrvoje"]
[Result "1-0"]
[WhiteElo "2533"]
[BlackElo "2515"]
[EventDate "2025.11.05"]
[PlyCount "95"]

1.d4 d5 2.Nf3 Nf6 3.c4 dxc4 4.e3 e6 5.Bxc4 c5 6.O-O Be7 7.Nc3 O-O 8.e4 
cxd4 9.Nxd4 Qc7 10.Qe2 Nc6 11.Nxc6 bxc6 12.Be3 Bb7 13.Rfd1 c5 14.f3 Rfd8 
15.Rxd8+ Rxd8 16.Rd1 Rxd1+ 17.Qxd1 Bc6 18.Bb5 Bxb5 19.Nxb5 Qb7 20.Qe2 Nd7 
21.Na3 a6 22.Nc4 Qb5 23.Kf1 Bf6 24.b3 Bd4 25.Bxd4 cxd4 26.e5 Qd5 27.Qe4 
Qxe4 28.fxe4 f6 29.exf6 gxf6 30.b4 Kf7 31.Ke2 Ke7 32.g4 e5 33.h4 Kd8 34.a4
Kc7 35.g5 fxg5 36.hxg5 Kd8 37.Kf3 Ke7 38.Kg4 Ke6 39.Kh5 Kf7 40.Kh6 Kg8 41.
Nb2 Nb6 42.a5 Nc8 43.b5 axb5 44.Nd3 Na7 45.Nxe5 b4 46.Nd3 Nc6 47.a6 b3 48.
e5 1-0

[Event "11th Tournament of Peace"]
[Site "Zagreb CRO"]
[Date "2025.11.07"]
[Round "3.1"]
[White "Stevic, Hrvoje"]
[Black "Royal, Shreyas"]
[Result "1-0"]
[WhiteElo "2515"]
[BlackElo "2495"]
[EventDate "2025.11.05"]
[PlyCount "119"]

1.e4 c5 2.Nf3 d6 3.d4 cxd4 4.Qxd4 Nc6 5.Qd3 g6 6.Nc3 Bg7 7.Be2 Nf6 8.Nd5 
O-O 9.c3 Nd7 10.O-O Rb8 11.Bg5 h6 12.Be3 Nc5 13.Qc2 b5 14.b4 Nd7 15.a4 a6 
16.axb5 axb5 17.Nd4 Nxd4 18.cxd4 Nb6 19.Nxb6 Rxb6 20.Ra8 Ra6 21.Rxa6 Bxa6 
22.Ra1 Bb7 23.Ra5 Qc8 24.Qxc8 Rxc8 25.f3 f5 26.exf5 gxf5 27.Bxb5 f4 28.
Bxf4 Bxd4+ 29.Kf1 Rc2 30.Ra2 Rxa2 31.Bc4+ Kg7 32.Bxa2 e5 33.Bd2 e4 34.fxe4
Bxe4 35.Bc4 h5 36.Be2 Kg6 37.Be1 d5 38.Bf2 Be5 39.Bg3 Bxg3 40.hxg3 d4 41.
b5 Kf5 42.b6 Ke5 43.Bxh5 Kd6 44.Bf3 Bg6 45.Ke2 Bh7 46.g4 Bg6 47.g5 Kd7 48.
Kd2 Kd6 49.Kc1 Kd7 50.Kb2 Kd6 51.Kb3 d3 52.Kc3 Bh7 53.g4 Bg6 54.Bd5 Be8 
55.Be4 Bd7 56.Bf5 Bc6 57.g6 Bd5 58.g7 Bg8 59.Be4 d2 60.Kxd2 1-0

[Event "11th Tournament of Peace"]
[Site "Zagreb CRO"]
[Date "2025.11.07"]
[Round "3.2"]
[White "Livaic, Leon"]
[Black "Postny, Evgeny"]
[Result "1/2-1/2"]
[WhiteElo "2550"]
[BlackElo "2533"]
[EventDate "2025.11.05"]
[PlyCount "40"]

1.e4 e5 2.Nf3 Nc6 3.Bb5 Nf6 4.d3 Bc5 5.Bxc6 dxc6 6.O-O Nd7 7.c3 O-O 8.d4 
Bd6 9.Bg5 Qe8 10.Re1 f6 11.Bh4 a5 12.Nbd2 Qe6 13.Bg3 b6 14.Nf1 Ba6 15.Ne3 
Rad8 16.Qa4 Bb5 17.Qc2 Ba6 18.Qa4 Bb5 19.Qc2 Ba6 20.Qa4 Bb5 1/2-1/2

[Event "11th Tournament of Peace"]
[Site "Zagreb CRO"]
[Date "2025.11.07"]
[Round "3.3"]
[White "Moroni, Luca jr"]
[Black "Palac, Mladen"]
[Result "0-1"]
[WhiteElo "2546"]
[BlackElo "2456"]
[EventDate "2025.11.05"]
[PlyCount "88"]

1.d4 Nf6 2.Nf3 d5 3.c3 a5 4.Bf4 Bf5 5.e3 e6 6.Nbd2 Nbd7 7.Qb3 Qc8 8.Nh4 a4
9.Qd1 Be4 10.f3 Bg6 11.g4 Be7 12.Bg3 c6 13.e4 b5 14.Bd3 dxe4 15.fxe4 e5 
16.O-O Bd6 17.Nf5 Bxf5 18.exf5 O-O 19.g5 Nd5 20.Ne4 Bc7 21.f6 g6 22.Qg4 
Re8 23.Qh4 Re6 24.Rf3 Qf8 25.Bf1 a3 26.b3 exd4 27.Bxc7 Nxc7 28.cxd4 Rae8 
29.Nf2 Nd5 30.Ng4 h5 31.Bd3 Qb4 32.Nh6+ Kf8 33.Nf5 Re1+ 34.Rf1 Rxa1 35.
Rxa1 gxf5 36.Bxf5 N7xf6 37.gxf6 Qd6 38.Qxh5 Qxf6 39.Kh1 Nf4 40.Qg4 Qxd4 
41.Rf1 Qd5+ 42.Kg1 Ne2+ 43.Kf2 Re5 44.Bh7 Qc5+ 0-1

[Event "11th Tournament of Peace"]
[Site "Zagreb CRO"]
[Date "2025.11.07"]
[Round "3.4"]
[White "Kaasen, Tor Fredrik"]
[Black "Zelcic, Robert"]
[Result "1/2-1/2"]
[WhiteElo "2477"]
[BlackElo "2449"]
[EventDate "2025.11.05"]
[PlyCount "145"]

1.e4 c6 2.d4 d5 3.e5 c5 4.Nf3 cxd4 5.Qxd4 Nc6 6.Qf4 g6 7.Nc3 d4 8.Nb5 Bh6 
9.Qh4 Bxc1 10.Rxc1 a6 11.Nbxd4 Nxe5 12.Be2 Nxf3+ 13.Nxf3 Nf6 14.O-O O-O 
15.Rfe1 Qc7 16.Ng5 Kg7 17.Bd3 Rd8 18.Bc4 e6 19.Bb3 a5 20.Ne4 Nxe4 21.Qxe4 
Bd7 22.Qd4+ Kg8 23.a3 a4 24.Ba2 Bc6 25.Qf6 Rd6 26.Rcd1 Rad8 27.Rxd6 Rxd6 
28.h4 Qd8 29.Qxd8+ Rxd8 30.b3 Rd4 31.g3 Rd2 32.Rc1 Be4 33.Bb1 Bf3 34.bxa4 
Kf8 35.Ba2 Rd4 36.Bb3 Ke7 37.Kf1 Kd6 38.c3 Rd2 39.Bc2 Kc5 40.Ke1 Re2+ 41.
Kf1 Rd2 42.Ke1 Rd8 43.Bb3 f5 44.Rb1 e5 45.Ba2 Bc6 46.Rb4 Rf8 47.Bc4 f4 48.
gxf4 exf4 49.Bb5 Bd5 50.Bd3 Bc6 51.a5 f3 52.Kd2 Ra8 53.a6 Ra7 54.axb7 Bxb7
55.a4 Bc6 56.Be4 Bxa4 57.Bxf3 Bc6 58.Bxc6 Kxc6 59.Kd3 Rf7 60.Ke3 Rf5 61.
Rg4 Re5+ 62.Kf3 Ra5 63.Rc4+ Kd6 64.Rc8 Ra4 65.Kg3 Kd7 66.Rf8 Rc4 67.Rf3 
Ke6 68.Re3+ Kf5 69.f3 h5 70.Rd3 Kf6 71.Re3 Kf5 72.Rd3 Kf6 73.Re3 1/2-1/2

[Event "11th Tournament of Peace"]
[Site "Zagreb CRO"]
[Date "2025.11.07"]
[Round "3.5"]
[White "Fedorchuk, Serhii"]
[Black "Kozul, Zdenko"]
[Result "1/2-1/2"]
[WhiteElo "2565"]
[BlackElo "2495"]
[EventDate "2025.11.05"]
[PlyCount "118"]

1.e4 c5 2.Nf3 d6 3.d4 cxd4 4.Nxd4 Nf6 5.Nc3 Nc6 6.Bg5 e6 7.Qd2 a6 8.O-O-O 
Bd7 9.Kb1 Be7 10.f3 Qc7 11.h4 h6 12.Be3 h5 13.Bg5 Nxd4 14.Qxd4 Rc8 15.Qd2 
b5 16.Bd3 O-O 17.g4 hxg4 18.Rdg1 b4 19.Ne2 Bb5 20.fxg4 Bxd3 21.cxd3 Qb7 
22.Nf4 b3 23.axb3 Qxb3 24.Nh5 Rc5 25.Bxf6 Bxf6 26.Nxf6+ gxf6 27.g5 f5 28.
g6 Rb8 29.Rh2 Qc3 30.Qxc3 Rxc3 31.exf5 exf5 32.Rf2 Rxd3 33.Rxf5 fxg6 34.
Rxg6+ Kh7 35.Rg2 Rb5 36.Rf7+ Kh6 37.Rf8 Kh7 38.Ra8 a5 39.Ka2 Rd4 40.Ra6 
Ra4+ 41.Kb1 Rd4 42.Ra7+ Kh6 43.Rag7 Rbd5 44.R7g5 Rxg5 45.Rxg5 Rxh4 46.Rxa5
Kg7 47.Rf5 Rh6 48.b4 Rf6 49.Rh5 Kf7 50.Kb2 Rf3 51.b5 Ke7 52.Rh7+ Kd8 53.b6
Kc8 54.Rc7+ Kb8 55.Rd7 Rh3 56.Rxd6 Kb7 57.Kc2 Rg3 58.Rd3 Rxd3 59.Kxd3 Kxb6
1/2-1/2

[Event "11th Tournament of Peace"]
[Site "Zagreb CRO"]
[Date "2025.11.08"]
[Round "4.1"]
[White "Royal, Shreyas"]
[Black "Kozul, Zdenko"]
[Result "1-0"]
[WhiteElo "2495"]
[BlackElo "2495"]
[EventDate "2025.11.05"]
[PlyCount "87"]

1.e4 c5 2.Nf3 d6 3.d4 cxd4 4.Nxd4 Nf6 5.Nc3 Nc6 6.Bg5 e6 7.Qd3 Qb6 8.O-O-O
Qxd4 9.Qxd4 Nxd4 10.Rxd4 a6 11.Na4 Nd7 12.c4 Be7 13.Bxe7 Kxe7 14.Be2 e5 
15.Rd2 Nf6 16.Nb6 Rb8 17.f3 Be6 18.Rhd1 Rbd8 19.b4 g5 20.a4 h5 21.a5 g4 
22.Kb2 Rhg8 23.Nd5+ Bxd5 24.exd5 gxf3 25.Bxf3 h4 26.Re1 Rde8 27.c5 Kd8 28.
Bd1 e4 29.Bb3 Re5 30.c6 Kc7 31.Rc2 e3 32.cxb7+ Kxb7 33.Rc6 Rxg2+ 34.Ka3 
Ne8 35.Bc4 Nc7 36.Rxd6 Rd2 37.Kb3 Nb5 38.Rb6+ Ka7 39.Rf1 Re7 40.Rff6 Nc7 
41.d6 e2 42.dxc7 e1=Q 43.Rxa6+ Kb7 44.Rfb6+ 1-0

[Event "11th Tournament of Peace"]
[Site "Zagreb CRO"]
[Date "2025.11.08"]
[Round "4.3"]
[White "Palac, Mladen"]
[Black "Kaasen, Tor Fredrik"]
[Result "1/2-1/2"]
[WhiteElo "2456"]
[BlackElo "2477"]
[EventDate "2025.11.05"]
[PlyCount "46"]

1.e4 e5 2.Nf3 Nc6 3.Bc4 Bc5 4.d3 Nf6 5.O-O d6 6.c3 a5 7.Re1 Ba7 8.Nbd2 O-O
9.Nf1 Be6 10.Bb3 Bxb3 11.Qxb3 a4 12.Qc2 Re8 13.Bg5 h6 14.Bh4 g5 15.Bg3 Nh5
16.Ne3 Bxe3 17.fxe3 Qd7 18.Rf1 Rf8 19.Nd2 Ne7 20.Qd1 Nxg3 21.hxg3 f5 22.
exf5 Rxf5 23.e4 Rxf1+ 1/2-1/2

[Event "11th Tournament of Peace"]
[Site "Zagreb CRO"]
[Date "2025.11.08"]
[Round "4.4"]
[White "Postny, Evgeny"]
[Black "Moroni, Luca jr"]
[Result "1/2-1/2"]
[WhiteElo "2533"]
[BlackElo "2546"]
[EventDate "2025.11.05"]
[PlyCount "43"]

1.d4 Nf6 2.c4 e6 3.Nc3 d5 4.Bg5 Be7 5.e3 O-O 6.Nf3 h6 7.Bh4 b6 8.Qb3 Bb7 
9.Bxf6 Bxf6 10.cxd5 exd5 11.Rd1 Qd6 12.Be2 a6 13.O-O Nd7 14.a3 Rfd8 15.
Rfe1 c5 16.dxc5 Nxc5 17.Qc2 Rac8 18.Nd4 Ne4 19.Qb3 Nc5 20.Qc2 Ne4 21.Qb3 
Nc5 22.Qc2 1/2-1/2

[Event "11th Tournament of Peace"]
[Site "Zagreb CRO"]
[Date "2025.11.09"]
[Round "5.1"]
[White "Livaic, Leon"]
[Black "Royal, Shreyas"]
[Result "0-1"]
[WhiteElo "2550"]
[BlackElo "2495"]
[EventDate "2025.11.05"]
[PlyCount "104"]

1.e4 c5 2.Nf3 Nc6 3.Bb5 d6 4.O-O Bd7 5.Re1 a6 6.Bf1 e5 7.c3 Be7 8.d4 cxd4 
9.cxd4 Bg4 10.d5 Nd4 11.Be3 Nxf3+ 12.gxf3 Bd7 13.f4 Nh6 14.fxe5 dxe5 15.
Qb3 b5 16.f3 O-O 17.Nd2 Bg5 18.Kh1 f5 19.Rac1 fxe4 20.Nxe4 Bxe3 21.d6+ Kh8
22.Qxe3 Nf5 23.Qg5 Nd4 24.Bg2 Qxg5 25.Nxg5 h6 26.Ne4 Rad8 27.Nc5 Bc8 28.
Rxe5 Rxd6 29.Rd1 Nf5 30.Rxd6 Nxd6 31.Kg1 g5 32.Kf2 g4 33.Ke2 Nc4 34.Re7 
Nxb2 35.Ne6 Rf6 36.Re8+ Kh7 37.Nf8+ Kg7 38.Rxc8 gxf3+ 39.Bxf3 Rxf8 40.Bb7 
a5 41.Rxf8 Kxf8 42.Ke3 Ke7 43.Kd4 Kd6 44.a3 Na4 45.Bf3 Nc5 46.Bd1 Ne6+ 47.
Ke4 Kc5 48.h4 a4 49.Kf5 Nd4+ 50.Kg6 Kc4 51.Kxh6 b4 52.Bh5 bxa3 0-1

[Event "11th Tournament of Peace"]
[Site "Zagreb CRO"]
[Date "2025.11.09"]
[Round "5.2"]
[White "Moroni, Luca jr"]
[Black "Stevic, Hrvoje"]
[Result "1-0"]
[WhiteElo "2546"]
[BlackElo "2515"]
[EventDate "2025.11.05"]
[PlyCount "57"]

1.c4 c6 2.Nf3 d5 3.e3 Nf6 4.Nc3 a6 5.d4 e6 6.Ne5 Nbd7 7.f4 Be7 8.Bd3 O-O 
9.O-O g6 10.Kh1 c5 11.Qf3 cxd4 12.exd4 dxc4 13.Bxc4 Nb6 14.Bb3 a5 15.a3 a4
16.Ba2 Kg7 17.Rd1 Ra6 18.Bd2 Nfd5 19.Ne4 f6 20.Nd3 Nd7 21.Bc4 Ra7 22.Rac1 
b6 23.Nc3 Nc7 24.Nb5 Bb7 25.Nxc7 Qxc7 26.Qe2 e5 27.Bb5 Qd8 28.dxe5 fxe5 
29.Bc3 1-0

[Event "11th Tournament of Peace"]
[Site "Zagreb CRO"]
[Date "2025.11.09"]
[Round "5.3"]
[White "Kaasen, Tor Fredrik"]
[Black "Postny, Evgeny"]
[Result "1/2-1/2"]
[WhiteElo "2477"]
[BlackElo "2533"]
[EventDate "2025.11.05"]
[PlyCount "109"]

1.e4 e5 2.Nf3 Nc6 3.Bb5 Nf6 4.d3 Bc5 5.Bxc6 dxc6 6.Nbd2 Nd7 7.O-O O-O 8.
Nc4 Re8 9.a4 a5 10.Be3 Bf8 11.Kh1 b6 12.g3 c5 13.Nh4 g6 14.Qd2 Bb7 15.Bg5 
f6 16.Bh6 f5 17.f3 f4 18.Bxf8 Rxf8 19.Rg1 Qf6 20.Rg2 Rf7 21.Qc3 Re8 22.
Rag1 fxg3 23.hxg3 Nf8 24.Rh2 Bc8 25.Ne3 Qg7 26.Qd2 Ne6 27.f4 exf4 28.Nef5 
gxf5 29.gxf4 fxe4 30.dxe4 Bb7 31.Rxg7+ Rxg7 32.Rf2 Bxe4+ 33.Kh2 Nd4 34.c3 
Nf5 35.Nxf5 Bxf5 36.Qd5+ Be6 37.Qc6 Bd7 38.Qxc7 Re6 39.Rg2 Rh6+ 40.Kg1 
Rxg2+ 41.Kxg2 Bxa4 42.Kf3 Bc2 43.Qd8+ Kf7 44.Qd5+ Kf8 45.Qd2 Bb1 46.Qd1 
Bd3 47.Kf2 c4 48.Qg4 Rh2+ 49.Kg3 Rxb2 50.Qc8+ Kf7 51.Qd7+ Kf6 52.Qd6+ Kf7 
53.Qd7+ Kf6 54.Qd6+ Kf7 55.Qd7+ 1/2-1/2

[Event "11th Tournament of Peace"]
[Site "Zagreb CRO"]
[Date "2025.11.09"]
[Round "5.4"]
[White "Fedorchuk, Serhii"]
[Black "Palac, Mladen"]
[Result "1/2-1/2"]
[WhiteElo "2565"]
[BlackElo "2456"]
[EventDate "2025.11.05"]
[PlyCount "27"]

1.e4 c5 2.Nf3 d6 3.d4 cxd4 4.Nxd4 Nf6 5.Nc3 a6 6.f4 e5 7.Nf3 Nbd7 8.a4 Be7
9.Bd3 O-O 10.O-O exf4 11.Kh1 Nc5 12.Bxf4 Bg4 13.Qe1 Bh5 14.Nd4 1/2-1/2

[Event "11th Tournament of Peace"]
[Site "Zagreb CRO"]
[Date "2025.11.09"]
[Round "5.5"]
[White "Kozul, Zdenko"]
[Black "Zelcic, Robert"]
[Result "1/2-1/2"]
[WhiteElo "2495"]
[BlackElo "2449"]
[EventDate "2025.11.05"]
[PlyCount "99"]

1.d4 Nf6 2.c4 e6 3.Nf3 d5 4.g3 Be7 5.Bg2 O-O 6.O-O dxc4 7.Qc2 a6 8.a4 Bd7 
9.Qxc4 Bc6 10.Bg5 Nbd7 11.Nc3 a5 12.Rfe1 Bb4 13.e4 h6 14.Bxf6 Qxf6 15.Qe2 
Rfd8 16.Rec1 Nb6 17.Nb5 Qe7 18.h4 Nc8 19.Bf1 Nd6 20.Nxd6 Rxd6 21.Qe3 Qe8 
22.b3 f6 23.Rc4 Rd7 24.Rac1 Rf7 25.Bd3 Bd6 26.e5 fxe5 27.Rxc6 exd4 28.Nxd4
bxc6 29.Bg6 Qd7 30.Bxf7+ Qxf7 31.Nxc6 Kh8 32.Qe4 Rf8 33.Rc2 Qh5 34.Kg2 Rf6
35.Nd4 Qd1 36.Nb5 Rf4 37.Qe2 Qd5+ 38.Kg1 Re4 39.Qd2 Qxb3 40.Nxd6 cxd6 41.
Rc8+ Kh7 42.Qxd6 Re1+ 43.Kg2 Qb1 44.Qc6 Qe4+ 45.Qxe4+ Rxe4 46.Rc5 Rxa4 47.
Re5 Ra1 48.Rxe6 h5 49.Ra6 Ra3 50.f3 1/2-1/2

[Event "11th Tournament of Peace"]
[Site "Zagreb CRO"]
[Date "2025.11.10"]
[Round "6.1"]
[White "Royal, Shreyas"]
[Black "Zelcic, Robert"]
[Result "1-0"]
[WhiteElo "2495"]
[BlackElo "2449"]
[EventDate "2025.11.05"]
[PlyCount "97"]

1.e4 c6 2.d4 d5 3.exd5 cxd5 4.Bd3 Nf6 5.c3 Bg4 6.Qb3 Qc7 7.h3 Bh5 8.g4 Bg6
9.Bxg6 hxg6 10.g5 Nfd7 11.Qxd5 Nc6 12.Ne2 e5 13.Be3 Nb6 14.Qf3 O-O-O 15.
Nd2 f5 16.gxf6 gxf6 17.Qxf6 Bg7 18.Qe6+ Kb8 19.O-O exd4 20.Nxd4 Nxd4 21.
cxd4 Bxd4 22.Bxd4 Rxd4 23.Nf3 Rd6 24.Qg4 Nd5 25.Rac1 Qd7 26.Rfe1 Qxg4+ 27.
hxg4 Nf4 28.Re4 Nd3 29.Rc2 Rf8 30.Kg2 a5 31.Rd2 Rfd8 32.Kg3 Ka7 33.b3 Ka6 
34.Ne5 Nb4 35.Rxd6+ Rxd6 36.Re2 Re6 37.f4 Nc6 38.Kh4 Nd4 39.Rf2 Nb5 40.Kg5
Nc3 41.Nxg6 Ne4+ 42.Kf5 Nxf2 43.Kxe6 Nxg4 44.f5 a4 45.b4 a3 46.Ne5 Nf2 47.
Kd5 Nh3 48.f6 Ng5 49.Kc4 1-0

[Event "11th Tournament of Peace"]
[Site "Zagreb CRO"]
[Date "2025.11.10"]
[Round "6.3"]
[White "Postny, Evgeny"]
[Black "Fedorchuk, Serhii"]
[Result "1/2-1/2"]
[WhiteElo "2533"]
[BlackElo "2565"]
[EventDate "2025.11.05"]
[PlyCount "48"]

1.d4 Nf6 2.c4 e6 3.Nf3 b6 4.g3 Bb4+ 5.Bd2 Be7 6.Bg2 c6 7.O-O d5 8.Qc2 O-O 
9.Rd1 Nbd7 10.a4 Bb7 11.a5 Qc8 12.Rc1 dxc4 13.Qxc4 c5 14.Qa4 Bc6 15.Qd1 
Qa6 16.dxc5 bxc5 17.Na3 Bd5 18.b3 Rab8 19.Nc4 Rb5 20.Bf4 Rd8 21.Bc7 Rc8 
22.Bf4 Rd8 23.Bc7 Rc8 24.Bf4 Rd8 1/2-1/2

[Event "11th Tournament of Peace"]
[Site "Zagreb CRO"]
[Date "2025.11.10"]
[Round "6.4"]
[White "Stevic, Hrvoje"]
[Black "Kaasen, Tor Fredrik"]
[Result "1/2-1/2"]
[WhiteElo "2515"]
[BlackElo "2477"]
[EventDate "2025.11.05"]
[PlyCount "31"]

1.e4 c5 2.Nf3 Nc6 3.Bb5 d6 4.O-O Bd7 5.Re1 a6 6.Bxc6 Bxc6 7.d4 cxd4 8.Nxd4
Rc8 9.c4 Nf6 10.Nc3 g6 11.Nxc6 Rxc6 12.b3 Bg7 13.Qf3 O-O 14.Bf4 Nd7 15.
Rac1 e6 16.Red1 1/2-1/2

[Event "11th Tournament of Peace"]
[Site "Zagreb CRO"]
[Date "2025.11.11"]
[Round "7.1"]
[White "Moroni, Luca jr"]
[Black "Royal, Shreyas"]
[Result "1/2-1/2"]
[WhiteElo "2546"]
[BlackElo "2495"]
[EventDate "2025.11.05"]
[PlyCount "75"]

1.c4 c5 2.Nf3 g6 3.d4 cxd4 4.Nxd4 Bg7 5.e4 Nc6 6.Be3 Nf6 7.Nc3 Ng4 8.Qxg4 
Nxd4 9.Qd1 e5 10.Bd3 O-O 11.O-O d6 12.Rc1 Be6 13.Qd2 Rc8 14.b3 Qd7 15.Bxd4
exd4 16.Ne2 b5 17.cxb5 d5 18.e5 Bxe5 19.a4 Rxc1 20.Rxc1 Rc8 21.Rxc8+ Qxc8 
22.a5 Bd7 23.h3 Qc5 24.b4 Qe7 25.b6 axb6 26.a6 b5 27.a7 Bc6 28.Qc1 Bb7 29.
Qc5 Bd6 30.Qxb5 Bxb4 31.Qa6 Ba8 32.Qc8+ Qf8 33.Qxf8+ Kxf8 34.Nxd4 Ke7 35.
Bb5 Bc5 36.Bc6 Bxd4 37.Bxa8 Bxa7 38.Bxd5 1/2-1/2

[Event "11th Tournament of Peace"]
[Site "Zagreb CRO"]
[Date "2025.11.11"]
[Round "7.2"]
[White "Kaasen, Tor Fredrik"]
[Black "Livaic, Leon"]
[Result "0-1"]
[WhiteElo "2477"]
[BlackElo "2550"]
[EventDate "2025.11.05"]
[PlyCount "160"]

1.d4 Nf6 2.c4 e6 3.Nf3 c5 4.d5 exd5 5.cxd5 d6 6.Nc3 g6 7.Nd2 Bg7 8.e4 O-O 
9.Be2 Na6 10.O-O Nc7 11.Re1 Re8 12.a4 Rb8 13.h3 a6 14.a5 Bd7 15.Bd3 Bb5 
16.Bc2 Nd7 17.Nf3 Ne5 18.Bf4 Qe7 19.Nxe5 Bxe5 20.Bxe5 Qxe5 21.Qd2 g5 22.
Re3 f6 23.Rb1 b6 24.Rg3 Kh8 25.Nd1 Qd4 26.Qc1 Bd7 27.axb6 Rxb6 28.Ra1 h6 
29.Nc3 Qe5 30.Ba4 Bxa4 31.Rxa4 Reb8 32.Ra2 Nb5 33.Nxb5 Rxb5 34.Rxa6 Rxb2 
35.Qc3 R2b6 36.Qxe5 fxe5 37.Rxb6 Rxb6 38.Ra3 Kg7 39.Ra7+ Kf8 40.Rh7 c4 41.
Kf1 c3 42.Rc7 Rb3 43.Ke2 h5 44.Kd3 Rb2 45.Rxc3 Rxf2 46.Rc2 Rf1 47.Rc8+ Kf7
48.Rc7+ Kf8 49.Rd7 Rf6 50.Ke3 Kg8 51.Re7 Kf8 52.Rh7 h4 53.Rh5 Rg6 54.Kf3 
Rf6+ 55.Kg4 Kf7 56.Kxg5 Rg6+ 57.Kf5 Rf6+ 58.Kg4 Rf4+ 59.Kg5 Rxe4 60.Rh7+ 
Kg8 61.Rxh4 Re2 62.Rg4 Kf7 63.h4 Rd2 64.Kh6 Rxd5 65.Rg7+ Kf8 66.g4 e4 67.
Ra7 e3 68.Ra8+ Ke7 69.Ra7+ Ke6 70.Ra1 e2 71.Re1 Re5 72.g5 d5 73.g6 d4 74.
Kh7 Rh5+ 75.Kg8 d3 76.g7 Rxh4 77.Rg1 d2 78.Kf8 Rf4+ 79.Ke8 e1=Q 80.g8=Q+ 
Kd6+ 0-1

[Event "11th Tournament of Peace"]
[Site "Zagreb CRO"]
[Date "2025.11.11"]
[Round "7.3"]
[White "Fedorchuk, Serhii"]
[Black "Stevic, Hrvoje"]
[Result "1/2-1/2"]
[WhiteElo "2565"]
[BlackElo "2515"]
[EventDate "2025.11.05"]
[PlyCount "53"]

1.e4 e5 2.Nf3 Nc6 3.Bc4 Nf6 4.d3 h6 5.a4 Bc5 6.O-O d6 7.Be3 Bxe3 8.fxe3 
O-O 9.Nc3 Be6 10.b3 a5 11.Qd2 Nb4 12.Ne2 c6 13.Ng3 Na6 14.Bxe6 fxe6 15.d4 
exd4 16.exd4 Nd7 17.Rf2 Qb6 18.Raf1 Rf7 19.Nh4 Rxf2 20.Rxf2 Rf8 21.Ng6 
Rxf2 22.Qxf2 Qd8 23.Qf4 Nf8 24.Nxf8 Qxf8 25.Qd2 Qf6 26.h3 b6 27.c3 1/2-1/2